Rôzne prístupy k cieľom odpadového hospodárstva

Bibliographic Details
Main Author: Boďová, Emília, 1953- (Author)
Format: Article
Language:Slovak
PhysicalDescription:Fotogr.
ISSN:1335-1877
Subjects:

MARC

LEADER 00000nab a2200000 a 4500
001 vtls000839023
003 SK-MaSNL
005 20260304233955.0
008 250429c2003 xo 0 slo
015 |a SNBRB2003/07-19341 
035 |a CLN000190678 
035 |a urn:nbn:sk:snk-ab6j5m 
035 |a (uuid)bbabfac4-b8c4-434d-8c35-b6011c9f5770 
035 |a (urnnbn)urn:nbn:sk:snk:ar-004hvh 
035 |a (sysno)vtls000839023 
040 |a SNKBUCL  |b slo  |c SNKBUCL  |e AACR2 
041 0 |a slo 
044 |a xo  |c SK 
080 |a 504.064.4  |2 1997 
080 |a 628.4  |2 1997 
100 1 |a Boďová, Emília,  |d 1953-  |4 aut  |9 477272 
245 1 0 |a Rôzne prístupy k cieľom odpadového hospodárstva  |c Emília Boďová 
300 |b Fotogr. 
500 |a Príloha k článku sa nachádza v Prílohe časopisu na s. 18 
650 0 7 |a odpadové hospodárstvo  |2 SNKPH  |9 3603 
650 0 7 |a environmentálny audit  |2 SNKPH  |9 4035 
650 0 7 |a environmentálny manažment  |2 SNKPH  |9 3638 
655 7 |a články z novín a časopisov  |2 SNK  |9 267496 
773 0 |t Enviromagazín  |g Roč 8, č. 1 (2003), s. 32-34  |x 1335-1877 
850 |a Slovenská národná knižnica 
852 |a Slovenská národná knižnica 
954 |a odborná, vedecká literatúra pôvodná (slovenská)  |2 lita 
958 |a article27 
958 |a OND 
958 |a EUIPO 
992 |a RBX 
999 |c 3201292  |d 3203222